Problems and performances in primary education : why do systems differ.

Tallennettuna:
Bibliografiset tiedot
Päätekijä: Morley, Samuel (autor)
Muut tekijät: Silva, Antonia (autor) (autor)
Aineistotyyppi: Kirja
Kieli:englanti
Aiheet:
Linkit:Ver documento en línea
Tagit: Lisää tagi
Ei tageja, Lisää ensimmäinen tagi!

MARC

LEADER 00000cam^a2200000uu^4500
001 000529132
005 20260411000000.0
008 052102s2003^^^^^^^^^^^^rd^r^1000^0^spa^d
009 20260411194928.174
035 |a FCE 000073379 
037 |a Acervo ITESO - Biblioteca 
041 |a eng 
095 |a CD 393 
100 |a Morley, Samuel  |e (autor) 
245 1 0 |a Problems and performances in primary education :  |b why do systems differ.  |h [recurso electrónico] 
264 |a Washington :  |b BID,  |c 1994. 
300 |a 1 disco compacto (37 p. + anexos) :  |c 4 3/4 pulg. 
336 |a texto  |b txt  |2 rdacontenido 
337 |a sin mediación  |b n  |2 rdamedio 
338 |a volumen  |b nc  |2 rdasoporte 
649 |a XX 
650 |a Rendimiento de la educación 
650 |a Factores de rendimiento 
650 |a Enseñanza primaria 
650 |a América Latina 
740 |t Reduc: Documentos electrónicos. 
700 |a Silva, Antonia  |e (autor) 
856 4 0 |u https://biblioteca.uahurtado.cl/ujah/reduc/pdf/pdf/7365.pdf  |y Ver documento en línea 
910 |a Fondo Centro de Estudios Educativos 
920 |a Impresos - Libros 
930 |a Fondos Especiales 
905 |a 133 
902 |a https://opac.biblio.iteso.mx/vufind/Record/000529132